| 000 | nam a22 4500 | ||
|---|---|---|---|
| 999 |
_c30045 _d30045 |
||
| 008 | 190130b xxu||||| |||| 00| 0 eng d | ||
| 022 | _a0035-9203 (Print). | ||
| 022 | _a1878-3503 (Online). | ||
| 050 | _aRC 960 .T73 2017 | ||
| 245 | _aTransactions of the Royal Society of tropical medicine and hygiene/ | ||
| 260 |
_aLondon : _b Royal Society of Tropical Medicine and Hygiene Amsterdam, Elsevier, _c2017. |
||
| 300 |
_a285-330p. : _bill. ; _c28 cm. |
||
| 440 |
_a Transactions of the Royal Society of tropical medicine and hygiene _vVol. 111 No. 7. |
||
| 650 | _aTropical medicine. | ||
| 650 | _aHygiene. | ||
| 942 |
_2lcc _cPERIODICAL _hRC 960 .T73 2017 |
||